000
00289nam a2200133Ia 4500
008
231129s2002||||xx |||||||||||||| ||spa||
040
_b
spa
082
_a
Cu863 V145m
100
_a
Valdés Zoé
245
0
_a
Milagro en Miami
260
_c
2002
264
_a
Planeta
942
_2
ddc
_c
BKS
999
_c
21221
_d
21221